Гълъби (Запис номер 148768)
[ съкратено ]
| 000 -Лидер | |
|---|---|
| Контролно поле с фиксирана дължина | 01198nam a2200301 c 4500 |
| 003 - Код на организацията, давaща контролен номер | |
| Контролно поле | BLK |
| 005 - Дата и час на последна редакция | |
| Контролно поле | 20180422112850.0 |
| 008 - Елементи от данни с фиксирана дължина | |
| fixed length control field | 180410b bul|||||r ||||||| ||bul|| |
| 010 ## - Наследен системен номер | |
| LC control number | KNG00154996000 |
| 040 ## - Източник на каталожния запис | |
| Идентификатор на билиотеката - собственик на записа | BLK |
| 041 ## - Код за език | |
| Код за езика на текст/звукозапис или на отделно заглавие | Български |
| Код за езика КДБФ | Български |
| 080 ## - УДК | |
| Текстов определител УДК | Руска литература |
| УДК код - определител по УДК | 821.161.1 |
| УДК определител | -93-32 |
| УДК - код + определител | 821.161.1-93-32 |
| 100 1# - Редна дума - Автор | |
| Автор | Тургенев, Иван Сергеевич |
| Авторска отговорност | първи автор |
| R(LIN) | 365685 |
| 139 ## - Редно поле | |
| Редна дума | Тургенев, Иван Сергеевич |
| Авторски знак | Тург - Т 92 |
| 245 10 - Сведения за заглавието | |
| Заглавие | Гълъби |
| Подзаглавни данни | Малки разкази : За предучилищна възраст |
| Редно поле (дума) | Иван Сергеевич Тургенев; прев. от рус. Никола Толчев. |
| 257 ## - Страна на издаване | |
| Страна на създаване/издаване | Русия |
| 260 ## - Област на издателските данни | |
| -- | София |
| Име на издателя, разпространителя и проч. | Нар. младеж |
| Година на издаване | 1964 |
| 300 ## - Физическа характеристика | |
| Страници | 16 с. |
| Илюстрации и др. | с ил. |
| Размери/Мащаб | 17 см |
| 380 ## - Жанр | |
| Жанр | Детска худож. лит. |
| 490 1# - СЕРИИ (Колекции) | |
| Име на серия | Първи АБ книжки |
| №: серия | 2/20 |
| 500 ## - Общи забележки | |
| Забележка | 60 100 тир. |
| 700 1# - Други автори (авторска отговорност) | |
| Лично име | Толчев, Никола |
| Автороска отговорност (Описва отношението между автора и произведението) | прев. от рус. |
| 9 (RLIN) | 129939 |
| 852 ## - Местоположение | |
| Форматна сигнатура | Цб І 35321 |
| 856 4# - Електронен адрес и достъп | |
| Електронен формат | pdf - файл |
| Път до файла /url/ | |
| 856 4# - Електронен адрес и достъп | |
| Електронен формат | pdf - файл |
| Път до файла /url/ | |
| 942 ## - АРТИКУЛИ | |
| Вид на библиотечния материал | Книги |
| Скрит в OPAC | Не |
| 944 ## - СЪЗДАВАНЕ И РЕДАКЦИЯ на ЗАПИСА | |
| Създаване/Редакция | Създаване |
| Дата на регистрацията/редакция | 27.12.2013 |
| Статус, дата на статуса | 27.12.2013 - от С1,Р / 27.12.2013 |
| Служител, извършил регистрацията/редакцията | Митко_Георгиев |
| 944 ## - СЪЗДАВАНЕ И РЕДАКЦИЯ на ЗАПИСА | |
| Създаване/Редакция | Редакция |
| Дата на регистрацията/редакция | 27.12.2013 |
| Статус, дата на статуса | 27.12.2013 - от С1,Р / 27.12.2013 |
| Служител, извършил регистрацията/редакцията | |
| 999 ## - СИСТЕМНИ КОНТРОЛНИ НОМЕРА | |
| Koha biblionumber | 148768 |
| Koha biblioitemnumber | 148768 |
| Код за отписване | Код за изгубен артикул | Източник на класификационната схема | Код за повреда | Коз за рестрикции | Код за отдаване | Артикулен № | Име на библиотеката - собственик | Име на библиотеката, в която се намира в момента | Статус (Текущо местоположение) | Дата на вписване в системата | Местоположение - отдел | Цена в лева | Инвентарен номер | Систематично азбучна сигнатура | Баркод | Номер на екземпляра | Цена в евро | Служебна бележка | Служебен тип на артикула |
|---|---|---|---|---|---|---|---|---|---|---|---|---|---|---|---|---|---|---|---|
| Не е изгубен | Universal Decimal Classification | Не е повреден | без рестрикции | ползва се в читалня | 247851 | Регионална библиотека "Любен Каравелов" Русе | Регионална библиотека "Любен Каравелов" Русе | Хранилище | 1964-01-01 | Хранилище | 0.08 | 10544/64 | Цб І 35321 | 900000020765 | 1 | 0.04 | N: стар фонд Дата: 01.01.1964 | Книги | |
| Изтеглен | Не е изгубен | Universal Decimal Classification | Не е повреден | без рестрикции | заемане за дома | 247852 | Регионална библиотека "Любен Каравелов" Русе | Регионална библиотека "Любен Каравелов" Русе | Детски отдел | 1964-01-01 | Детски отдел | 0.08 | 8662/64 | ДХ 820/899/Т 92 | 8662/64 | 2 | 0.04 | N: стар фонд Дата: 01.01.1964 Дата инв: 18.08.2015 Бележки инв: Д2015 | Книги |
| Изтеглен | Не е изгубен | Universal Decimal Classification | Не е повреден | без рестрикции | заемане за дома | 247853 | Регионална библиотека "Любен Каравелов" Русе | Регионална библиотека "Любен Каравелов" Русе | Детски отдел | 1964-01-01 | Детски отдел | 0.08 | 8667/64 | ДХ 820/899/Т 92 | 8667/64 | 3 | 0.04 | N: стар фонд Дата: 01.01.1964 Дата инв: 18.08.2015 Бележки инв: Д2015 | Книги |
| Изтеглен | Не е изгубен | Universal Decimal Classification | Не е повреден | без рестрикции | заемане за дома | 247854 | Регионална библиотека "Любен Каравелов" Русе | Регионална библиотека "Любен Каравелов" Русе | Детски отдел | 1964-01-01 | Детски отдел | 0.08 | 8669/64 | ДХ 820/899/Т 92 | 8669/64 | 4 | 0.04 | N: стар фонд Дата: 01.01.1964 Дата инв: 18.08.2015 Бележки инв: Д2015 | Книги |